Manejo y conducción de grupos ecoturistas (Registro nro. 3530)
[ vista simple ]
| 000 -CABECERA | |
|---|---|
| campo de control de longitud fija | 00873aam a2200301 4500 |
| 005 - FECHA Y HORA DE ACTUALIZACIÓN | |
| campo de control | 20161102160547.0 |
| 008 - LONGITUD FIJA | |
| campo de control de longitud fija | 150302b xxu||||| |||| 00| 0 ES d |
| 041 ## - IDIOMA | |
| Código de idioma del texto/pista de sonido o título separado | |
| 082 ## - CLASIFICACIÓN DECIMAL DEWEY | |
| Número de clasificación | 1.0.67 R476m |
| 100 ## - AUTOR PERSONAL | |
| Nombre de persona | Wo Ching, Ana Victoria |
| 100 ## - AUTOR PERSONAL | |
| Nombre de persona | Rhodes Espinoza, Allan R |
| 245 ## - TÍTULO PROPIAMENTE DICHO | |
| Título | Manejo y conducción de grupos ecoturistas |
| 260 ## - PIE DE IMPRENTA | |
| Lugar de publicación, distribución, etc. | México |
| Nombre del editor, distribuidor, etc. | Trillas |
| Fecha de publicación, distribución, etc. | 2009 |
| 300 ## - DESCRIPCIÓN FÍSICA | |
| Extensión | 139 páginas |
| 650 ## - Materia General | |
| Materia general | ECOTURISMO |
| 650 ## - Materia General | |
| Materia general | ECOTURISTAS |
| 650 ## - Materia General | |
| Materia general | TURISMO NATURAL |
| 650 ## - Materia General | |
| Materia general | RECREACIÓN |
| 650 ## - Materia General | |
| Materia general | BIOLOGÍA |
| 650 ## - Materia General | |
| Materia general | CONSERVACIÓN |
| 650 ## - Materia General | |
| Materia general | PLANIFICACIÓN ECOTURISTA |
| 650 ## - Materia General | |
| Materia general | GRUPOS ECOTURISTAS |
| 650 ## - Materia General | |
| Materia general | PRODUCTO TURÍSTICO |
| 650 ## - Materia General | |
| Materia general | ECOLOGÍA HUMANA |
| 650 ## - Materia General | |
| Materia general | MANEJO DE GRUPOS |
| 650 ## - Materia General | |
| Materia general | CONDUCCIÓN DE GRUPOS |
| 942 ## - Punto de Acceso Adicional Koha | |
| Tipo de ítem Koha | Libro |
| Estado perdido | Estado dañado | No para préstamo | Biblioteca permanente | Biblioteca actual | Signatura completa | Código de barras | Precio efectivo a partir del | Tipo de ítem |
|---|---|---|---|---|---|---|---|---|
| Departamento de Biblioteca y Documentación Alfonso Chase Brenes | Departamento de Biblioteca y Documentación Alfonso Chase Brenes | 1.0.67 R476m | 14671 | 13/01/2016 | Libro | |||
| Departamento de Biblioteca y Documentación Alfonso Chase Brenes | Departamento de Biblioteca y Documentación Alfonso Chase Brenes | 1.0.67 R476m | 14672 | 13/01/2016 | Libro | |||
| Departamento de Biblioteca y Documentación Alfonso Chase Brenes | Departamento de Biblioteca y Documentación Alfonso Chase Brenes | 1.0.67 R476m | 18795 | 13/01/2016 | Libro | |||
| Departamento de Biblioteca y Documentación Alfonso Chase Brenes | Departamento de Biblioteca y Documentación Alfonso Chase Brenes | 1.0.67 R476m | 20095 | 13/01/2016 | Libro |